000 00462nam a2200181Ia 4500
001 22387
005 20260414150828.0
008 260414t2007||||xx |||||||||||||| ||spa||
041 _aESP
082 _a621.38043
_bA36
100 _aAlbiol Colomer, Antonio
_eAUT
245 0 _aTratamiento digital de la señal teoría y aplicaciones
_b
260 _c2007
300 _a255 páginas :
_c24 cm.
650 _aTCA
654 _aCET
942 _cLIB
_dJUS
_fJUS
_2ddc
_n
999 _c22387
_d22387